000 00910nam a22001457a 4500
020 _a978-0-439-56043-6
082 _a823
_bABB/F
100 _aABBOTT, TONY
245 _aTHE SECRETS OF DROON
_bFLIGHT OF THE GENIE
260 _aNEW YORK
_bSCHOLASTIC
_c2013
300 _a122
520 _aThe city of Ut is a city of secrets. Mysteriously, it only appears once every one hundred years. And to enter, you need the key, which is kept in the magical bottle of Ut. Eric, Keeah, and the others need to get inside the city to help a friend. The good genie, Hoja, is being held prisoner there, and he needs rescuing! They have discovered the secret of the magic bottle, and so they know they can get inside the city walls. But what they don't know is that Ut holds other secrets. Dark, dangerous secrets. Secrets that involve a certain sorcerer named Sparr...
650 _aADVENTURE STORY
_zUNITED STATES
942 _cBK
999 _c6138
_d6138